Business Statistics: Applied Business & Optimization (Record no. 4974)

MARC details
005 - DATE AND TIME OF LATEST TRANSACTION
control field 20250625092621.0
020 ## - INTERNATIONAL STANDARD BOOK NUMBER
International Standard Book Number 9780558820145
082 ## - DEWEY DECIMAL CLASSIFICATION NUMBER
Classification number 519.5 SHA
100 ## - MAIN ENTRY--PERSONAL NAME
Author name SHARPE, N. R
245 ## - TITLE STATEMENT
Title Business Statistics: Applied Business & Optimization
260 ## - PUBLICATION, DISTRIBUTION, ETC.
Place of publication, distribution, etc. New York,
Name of publisher, distributor, etc. Pearson,
Date of publication, distribution, etc. 2010.
300 ## - PHYSICAL DESCRIPTION
Extent xvii,657p.; ill.; figure, table, picture
Other physical details Appendix
Dimensions 27cm
700 ## - ADDED ENTRY--PERSONAL NAME
Other authors/Editors VEAUX, R & VELLEMAN, P.
942 ## - ADDED ENTRY ELEMENTS (KOHA)
Source of classification or shelving scheme Dewey Decimal Classification
Koha item type Books
Holdings
Date last seen Total checkouts Full call number Barcode Cost, replacement price Price effective from Koha item type Lost status Source of classification or shelving scheme Damaged status Not for loan Withdrawn status Home library Current library Shelving location Date acquired Cost, normal purchase price
06/25/2025   519.5 SHA DOM0001021 285000.00 06/25/2025 Books   Dewey Decimal Classification       CBE Dodoma CBE Dodoma General Collection 03/24/2014 95000.00
06/25/2025   519.5 SHA DOM0001022 285000.00 06/25/2025 Books   Dewey Decimal Classification       CBE Dodoma CBE Dodoma General Collection 03/24/2014 95000.00